Statistics for Overwatch Events

Click here to take the quiz!

General Stats

  • This quiz has been taken 21 times
  • The average score is 4 of 6

Answer Stats

Event% Correct
Summer Games
89%
Anniversary
78%
Lunar New Year
78%
Winter Wonderland
78%
Archives
61%
Halloween Terror
61%

Score Distribution

Percentile by Number Answered

Percent of People with Each Score

Your Score History

You have not taken this quiz